Singapore Government Agencies - Statistics

General Stats
  • This quiz has been taken 83 times
  • The average score is 22 of 93
Answer Stats
Parent Agency Answer % Correct
MOF Ministry of Finance (MOF)
81%
MOE Ministry of Education (MOE)
79%
MOH Ministry of Health (MOH)
79%
MINDEF Ministry of Defence (MINDEF)
72%
MHA Singapore Police Force (SPF)
72%
MOM Ministry of Manpower (MOM)
68%
MINDEF Singapore Armed Forces (SAF)
68%
MHA Ministry of Home Affairs (MHA)
64%
MHA Singapore Civil Defence Force (SCDF)
64%
MND Housing & Development Board (HDB)
57%
MFA Ministry of Foreign Affairs (MFA)
55%
MOT Ministry of Transport (MOT)
53%
MOT Land Transport Authority (LTA)
49%
MOM Central Provident Fund Board (CPFB)
47%
MCCY People's Association (PA)
47%
MCI Ministry of Communications and Information (MCI)
43%
PMO Prime Minister's Office (PMO)
43%
MSE Public Utilities Board (PUB)
42%
MCI Infocomm Media Development Authority (IMDA)
40%
MCCY Ministry of Culture, Community and Youth (MCCY)
40%
MSE National Environment Agency (NEA)
38%
MHA Singapore Prison Service (SPS)
38%
MINDEF Defence Science and Technology Agency (DSTA)
36%
MINLAW Ministry of Law (MINLAW)
36%
MSF Ministry of Social and Family Development (MSF)
36%
MHA Immigration & Checkpoints Authority (ICA)
32%
MND National Parks Board (NParks)
32%
MND Ministry of National Development (MND)
30%
MSE Ministry of Sustainability and the Environment (MSE)
30%
MTI Ministry of Trade and Industry (MTI)
28%
PMO Monetary Authority of Singapore (MAS)
28%
MHA Central Narcotics Bureau (CNB)
26%
MOH Health Promotion Board (HPB)
26%
MHA Internal Security Department (ISD)
26%
MCI National Library Board (NLB)
26%
Organs of State Parliament
26%
MND Urban Redevelopment Authority (URA)
26%
MOF Accounting and Corporate Regulatory Authority (ACRA)
23%
MTI Agency for Science, Technology and Research (A*STAR)
23%
MOT Civil Aviation Authority of Singapore (CAAS)
23%
MOH Health Sciences Authority (HSA)
23%
MOF Inland Revenue Authority of Singapore (IRAS)
23%
MTI Jurong Town Corporation (JTC)
23%
MOT Maritime and Port Authority (MPA)
23%
Organs of State Cabinet
21%
MSE Singapore Food Agency (SFA)
19%
PMO Government Technology Agency (GovTech)
17%
MCCY National Heritage Board (NHB)
17%
MINDEF Security and Intelligence Division (SID)
17%
MOE Skillsfuture Singapore (SSG)
17%
Organs of State Supreme Court
17%
MCI Cyber Security Agency (CSA)
15%
MINLAW Singapore Land Authority (SLA)
15%
MND Building and Construction Authority (BCA)
13%
Organs of State Family Justice Courts
13%
MHA Home Team Science and Technology Agency (HTX)
13%
MOF Tote Board (TB)
13%
MND Board of Architects (BOA)
11%
MTI Economic Development Board (EDB)
11%
PMO Corrupt Practices Investigation Bureau (CPIB)
9%
MND Council for Estate Agencies (CEA)
9%
MCCY Majlis Ugama Islam Singapura (MUIS)
9%
MCCY National Arts Council (NAC)
9%
MTI Singapore Tourism Board (STB)
9%
MCCY Sport Singapore (SportSG)
9%
Organs of State Attorney-General's Chambers (AGC)
8%
PMO Public Service Division (PSD)
8%
Organs of State State Courts
8%
MOM Workforce Singapore (WSG)
8%
MHA Yellow Ribbon Singapore (YRSG)
8%
PMO Elections Department (ELD)
6%
MTI Energy Market Authority (EMA)
6%
MTI Enterprise Singapore (ESG)
6%
PMO National Climate Change Secretariat (NCCS)
6%
Organs of State Public Service Commission (PSC)
6%
Organs of State Auditor-General's Office (AGO)
4%
MHA Casino Regulatory Authority (CRA)
4%
PMO Civil Service College (CSC)
4%
MINLAW Intellectual Property Office of Singapore (IPOS)
4%
MSF National Council of Social Service (NCSS)
4%
MCCY National Youth Council (NYC)
4%
MHA Registry of Societies (ROS)
4%
MND Centre for Liveable Cities (CLC)
2%
MTI Competition and Consumer Commission of Singapore (CCCS)
2%
Organs of State Istana
2%
PMO National Security Coordination Secretariat (NSCS)
2%
MTI Sentosa Development Corporation (SDC)
2%
MOF Singapore Customs
2%
MOM Singapore Labour Foundation (SLF)
2%
PMO Smart Nation and Digital Government Office (SNDGO)
2%
PMO National Population and Talent Division (NPTD)
0%
PMO National Research Foundation (NRF)
0%
MOF Singapore Accountancy Commission (SAC)
0%
No matching quizzes found
Score Distribution
Percent of People with Each Score
Percentile by Number Answered
Your Score History
You have not taken this quiz